00333nam a2200121Ia 45000010005000000080041000050400013000460820026000592450065000852600043001503000011001935460007002044229140318s9999 xx 000 0 und d cPK-LaUMT a 004.6920255491bAAN- aA&A's E-mail directory for Pakistan (National & Internationa aRawalpindi,Pakistan:bFawn Tra.,c1996 a193 p. aEN